| Tag |
First Indicator |
Second Indicator |
Subfields |
| LEADER |
00000cam a2200000 a 4500 |
| 001 |
in00000048876 |
| 005 |
20151007075721.0 |
| 008 |
820202s19821985nyua b 00100 eng |
| 010 |
|
|
|a 82000493
|
| 019 |
|
|
|a 10265146
|
| 020 |
|
|
|a 0306408619 (v. 1)
|
| 035 |
|
|
|a (OCoLC)08195009
|
| 035 |
|
|
|9 AAF3708AM
|
| 039 |
0 |
|
|a 2
|b 3
|c 3
|d 3
|e 3
|
| 040 |
|
|
|a DLC
|c DLC
|d TXA
|d UtOrBLW
|
| 049 |
|
|
|a TXAM
|v 1 [1805675]
|v 2 [1504747]
|v 3 [803880]
|v 4 [804872]
|v 5 [804873]
|v 6 [274065]
|v 7 [A08947782]
|v 8 [A08947790]
|v 9 [A08947805]
|v 10 [A08947813]
|
| 050 |
0 |
0 |
|a QP356.3
|b .H36 1982
|
| 060 |
|
0 |
|a WL 104 H434
|
| 082 |
0 |
|
|a 612/.814
|2 19
|
| 245 |
0 |
0 |
|a Handbook of neurochemistry /
|c edited by Abel Lajtha.
|
| 250 |
|
|
|a 2nd ed.
|
| 264 |
|
1 |
|a New York :
|b Plenum Press,
|c ©1982-©1985.
|
| 300 |
|
|
|a 10 volumes :
|b illustrations ;
|c 26 cm.
|
| 336 |
|
|
|a text
|b txt
|2 rdacontent
|
| 337 |
|
|
|a unmediated
|b n
|2 rdamedia
|
| 338 |
|
|
|a volume
|b nc
|2 rdacarrier
|
| 504 |
|
|
|a Includes bibliographies and indexes.
|
| 505 |
0 |
|
|a v. 1. Chemical and cellular architecture -- v. 2. Experimental neurochemistry -- v. 3. Metabolism in the nervous system -- v. 4. Enzymes in the nervous system -- v. 5. Metabolic turnover in the nervous system -- v. 6. Receptors in the nervous system -- v. 7. Structural elements of the nervous system -- v. 8. Neurochemical systems -- v. 9. Alternations of metabolites in the nervous system -- v. 10. Pathological neurochemistry.
|
| 650 |
|
0 |
|a Neurochemistry
|x Handbooks, manuals, etc.
|
| 650 |
|
2 |
|a Neurochemistry.
|
| 700 |
1 |
|
|a Lajtha, Abel.
|
| 999 |
|
|
|a MARS
|
| 999 |
f |
f |
|s 6a89bc74-ad3a-361d-b181-aa474335c277
|i a05a7b38-0cdd-3c01-85d7-c6541c5d18c0
|t 0
|
| 952 |
f |
f |
|p ric
|a Texas A&M University
|b Rellis Campus
|c Joint Library Facility
|d Remote Storage
|t 0
|e QP356.3 .H36 1982
|h Library of Congress classification
|i unmediated -- volume
|k v.10
|m A14808947813
|
| 952 |
f |
f |
|p ric
|a Texas A&M University
|b Rellis Campus
|c Joint Library Facility
|d Remote Storage
|t 0
|e QP356.3 .H36 1982
|h Library of Congress classification
|i unmediated -- volume
|k v.5
|m A14807871190
|
| 952 |
f |
f |
|p ric
|a Texas A&M University
|b Rellis Campus
|c Joint Library Facility
|d Remote Storage
|t 0
|e QP356.3 .H36 1982
|h Library of Congress classification
|i unmediated -- volume
|k v.8
|m A14808947790
|
| 952 |
f |
f |
|p ric
|a Texas A&M University
|b Rellis Campus
|c Joint Library Facility
|d Remote Storage
|t 0
|e QP356.3 .H36 1982
|h Library of Congress classification
|i unmediated -- volume
|k v.4
|m A14807871132
|
| 952 |
f |
f |
|p ric
|a Texas A&M University
|b Rellis Campus
|c Joint Library Facility
|d Remote Storage
|t 0
|e QP356.3 .H36 1982
|h Library of Congress classification
|i unmediated -- volume
|k v.1
|m A14805941135
|
| 952 |
f |
f |
|p ric
|a Texas A&M University
|b Rellis Campus
|c Joint Library Facility
|d Remote Storage
|t 0
|e QP356.3 .H36 1982
|h Library of Congress classification
|i unmediated -- volume
|k v.6
|m A14808189203
|
| 952 |
f |
f |
|p ric
|a Texas A&M University
|b Rellis Campus
|c Joint Library Facility
|d Remote Storage
|t 0
|e QP356.3 .H36 1982
|h Library of Congress classification
|i unmediated -- volume
|k v.2
|m A14806417113
|
| 952 |
f |
f |
|p ric
|a Texas A&M University
|b Rellis Campus
|c Joint Library Facility
|d Remote Storage
|t 0
|e QP356.3 .H36 1982
|h Library of Congress classification
|i unmediated -- volume
|k v.9
|m A14808947805
|
| 952 |
f |
f |
|p ric
|a Texas A&M University
|b Rellis Campus
|c Joint Library Facility
|d Remote Storage
|t 0
|e QP356.3 .H36 1982
|h Library of Congress classification
|i unmediated -- volume
|k v.3
|m A14807325725
|
| 952 |
f |
f |
|p ric
|a Texas A&M University
|b Rellis Campus
|c Joint Library Facility
|d Remote Storage
|t 0
|e QP356.3 .H36 1982
|h Library of Congress classification
|i unmediated -- volume
|k v.7
|m A14808947782
|
| 952 |
f |
f |
|a Texas A&M University
|b College Station
|c Sterling C. Evans Library
|d Evans: Library Stacks
|t 0
|e QP356.3 .H36 1982
|h Library of Congress classification
|
| 998 |
f |
f |
|a QP356.3 .H36 1982
|s v.2
|t 0
|l Remote Storage
|
| 998 |
f |
f |
|a QP356.3 .H36 1982
|s v.1,v.3-v.10
|t 0
|l Evans: Library Stacks
|